| 000 | 01303nam a2200325 a 4500 | ||
|---|---|---|---|
| 001 | 000114183 | ||
| 003 | CHAP | ||
| 005 | 20220329144430.0 | ||
| 008 | 171110s2017 mx sm |||||||spa d | ||
| 010 | _a110644 | ||
| 011 | _a111616 | ||
| 040 | _cCHAP | ||
| 090 | _aTesis | ||
| 100 | 1 |
_aVillalba Zaragoza, Yadira _9134080 |
|
| 245 | 1 | 0 |
_aEstrategia de educación ambiental para la conservación de especies prioritarias en la reserva de la biosfera el Triunfo, Chiapas _h[En línea] _cYadira Villalba Zaragoza. |
| 260 |
_aChapingo, Méx. : _bEl autor, _c2017. |
||
| 500 | _aPara ver el contenido del material haga clic en la liga | ||
| 502 | _aTesis (Ingeniero en Restauración Forestal) -- UACH. Division de Ciencias Forestales | ||
| 590 |
_aBATCH-UPD _b05 _c20171110 _lUCH01 _h1300 |
||
| 590 |
_aE6337LMJ _b05 _c20171110 _lUCH01 _h1259 |
||
| 590 |
_aE6337LMJ _b05 _c20171110 _lUCH01 _h1300 |
||
| 650 | 1 | 4 |
_aConservación de bosques _zChiapas. _9134081 |
| 650 | 1 | 4 |
_aConservación de la vida silvestre _zChiapas. _9134082 |
| 650 | 1 | 4 |
_aConservación de los recursos naturales _xPlaneación. _9131026 |
| 650 | 1 | 4 |
_aEducación ambiental _xPrograma de actividades. _9133827 |
| 856 |
_aFinding aid _uhttp://10.13.5.2/tesis/sist114183.pdf _zTeclea aquí |
||
| 901 | _aBK | ||
| 942 | _cTESIS | ||
| 942 | _n0 | ||
| 999 |
_c110644 _d110644 |
||